| 000 | 01296cam a2200301 i 4500 | ||
|---|---|---|---|
| 001 | vtls003271456 | ||
| 003 | MY-SjTCS | ||
| 005 | 20200306164034.0 | ||
| 008 | 160902s2012 enka b 001 0 eng c | ||
| 020 | _a9780857094124 (hardback) | ||
| 039 | 9 |
_a201710241458 _bshuhada _c201610041132 _dshuhada _c201610041043 _dshuhada _c201609291551 _dmalathy _y201609021534 _zmalathy |
|
| 040 | _erda | ||
| 082 | 0 | 4 |
_a664.07 _bCAS 2012 |
| 245 | 0 | 0 |
_aCase studies in food safety and authenticity : _blessons from real-life situations / _cedited by J. Hoorfar. |
| 264 | 1 |
_aOxford : _bWoodhead Publishing, _c2012. |
|
| 300 |
_axlii, 360 pages : _billustrations ; _c24 cm. |
||
| 336 |
_atext _2rdacontent |
||
| 337 |
_aunmediated _2rdamedia |
||
| 338 |
_avolume _2rdacarrier |
||
| 490 | 1 |
_aWoodhead Publishing series in food science, technology and nutrition, _x2042-8049 ; _vno. 240 |
|
| 504 | _aIncludes bibliographical references and index. | ||
| 650 | 0 |
_aFood _xMicrobiology _vCase studies. _9244330 |
|
| 650 | 0 |
_aFood contamination _vCase studies. _9244331 |
|
| 650 | 0 |
_aFood industry and trade _xSafety measures _vCase studies. _9244332 |
|
| 700 | 1 |
_aHoorfar, J. _q(Jeffrey) _964306 |
|
| 830 | 0 |
_aWoodhead Publishing in food science, technology, and nutrition ; _v240. _9244333 |
|
| 920 | _aSCAFS : 225543, 228982 | ||
| 999 | _c47247 | ||